[Event "IECG CF.2004.0.00056 email"]
[Site "IECG email"]
[Date "2004.02.15"]
[Round "?"]
[White "Wagle, David"]
[Black "Castellano, Antonio Jr"]
[Result "0-1"]
[WhiteElo "1153"]
[BlackElo "1002"]
[PlyCount "69"]
[EventDate "2004.02.15"]
[EventType "tourn (corr)"]
[EventRounds "6"]
[SourceTitle "Corr 2008"]
[Source "ChessBase"]
[SourceDate "2008.06.24"]
[SourceVersion "1"]
[SourceVersionDate "2008.06.24"]
[SourceQuality "1"]

1. e4 e5 2. Nf3 Nc6 3. d4 exd4 4. Nxd4 Qh4 5. Nc3 Bb4 6. Be2 Qxe4 7. Nf3 Bxc3+ 8. bxc3 Nge7 9. 0-0 0-0 10. Re1 d6 11. Nd4 Qg6 12. Bh5 Qf6 13. Nb5 Bf5 14. Nxc7 Rac8 15. Nb5 a6 16. Nd4 Rfe8 17. Be3 Be4 18. Qg4 d5 19. Rad1 Nxd4 20. Bxd4 Qh6 21. f3 Bf5 22. Bxf7+ Kxf7 23. Rxe7+ Kxe7 24. Qxf5 Kd6 25. Bf2 Qe6 26. Qf4+ Kd7 27. c4 Re7 28. cxd5 Qg6 29. c4 Rf7 30. Qe3 Re7 31. Qd4 b6 32. a4 Re2 33. a5 Rc2 34. axb6 R8xc4 35. Qd3 0-1

[Event "IECG CF.2004.0.00056 email"]
[Site "IECG email"]
[Date "2004.02.15"]
[Round "?"]
[White "Wagle, David"]
[Black "Turner, Michael Edward"]
[Result "1-0"]
[WhiteElo "1153"]
[BlackElo "1000"]
[PlyCount "53"]
[EventDate "2004.02.15"]
[EventType "tourn (corr)"]
[EventRounds "6"]
[SourceTitle "Corr 2008"]
[Source "ChessBase"]
[SourceDate "2008.06.24"]
[SourceVersion "1"]
[SourceVersionDate "2008.06.24"]
[SourceQuality "1"]

1. e4 e5 2. Nf3 Nc6 3. Bb5 Bc5 4. c3 d5 5. Nxe5 Bxf2+ 6. Kxf2 Qf6+ 7. Nf3 dxe4 8. Re1 Qf5 9. Bxc6+ bxc6 10. Qa4 Qc5+ 11. d4 Qb5 12. Rxe4+ Be6 13. Qxb5 cxb5 14. Ng5 Nf6 15. Re2 0-0 16. Nxe6 fxe6 17. Nd2 Rae8 18. Nf3 Nd7 19. Kg1 c6 20. b3 Nb6 21. Ba3 Rf6 22. Rae1 h6 23. Ne5 Rc8 24. Bc5 Rc7 25. Ng4 Rg6 26. h3 h5 27. Nf2 1-0

[Event "IECC TH-T email"]
[Site "IECC email"]
[Date "2001.08.12"]
[Round "?"]
[White "Wagle, David"]
[Black "Cornacchini, Gabriele"]
[Result "1/2-1/2"]
[WhiteElo "1435"]
[BlackElo "1442"]
[PlyCount "68"]
[EventDate "2001.??.??"]
[EventType "match (corr)"]
[EventRounds "2"]
[SourceTitle "Corr 2008"]
[Source "ChessBase"]
[SourceDate "2008.06.24"]
[SourceVersion "1"]
[SourceVersionDate "2008.06.24"]
[SourceQuality "1"]

1. d4 Nf6 2. c4 c5 3. d5 b5 4. cxb5 a6 5. bxa6 Bxa6 6. Nc3 d6 7. f4 g6 8. Nf3 Bg7 9. e4 Bxf1 10. Rxf1 Qb6 11. e5 Nfd7 12. Qe2 0-0 13. e6 Qb4 14. Kf2 Bd4+ 15. Nxd4 cxd4 16. Qb5 Nc5 17. Qxb4 Nd3+ 18. Kf3 Nxb4 19. Nb5 Nc2 20. Bd2 Nxa1 21. Rxa1 Rc8 22. Nxd4 Rc4 23. Be3 Rc5 24. exf7+ Kxf7 25. Ne6 Rca5 26. a3 Nd7 27. Nc7 Rb8 28. Bd4 Rb3+ 29. Ke2 Nf6 30. g3 Nxd5 31. Nxd5 Rxd5 32. Bc3 Ke6 33. a4 Rb6 34. h3 Ra6 1/2-1/2

[Event "IECC Swiss email"]
[Site "IECC email"]
[Date "2001.05.31"]
[Round "?"]
[White "Vercammen, Robert"]
[Black "Wagle, David"]
[Result "1-0"]
[WhiteElo "2044"]
[BlackElo "1435"]
[PlyCount "53"]
[EventDate "2001.??.??"]
[EventType "tourn (corr)"]
[EventRounds "6"]
[SourceTitle "Corr 2008"]
[Source "ChessBase"]
[SourceDate "2008.06.24"]
[SourceVersion "1"]
[SourceVersionDate "2008.06.24"]
[SourceQuality "1"]

1. d4 Nf6 2. c4 c5 3. d5 b5 4. cxb5 a6 5. bxa6 g6 6. Nc3 Bxa6 7. g3 Bg7 8. Bg2 d6 9. Nh3 Nbd7 10. 0-0 0-0 11. Qc2 Qa5 12. Bd2 Ne5 13. b3 Qb6 14. Rab1 Rfb8 15. a4 Bb7 16. Nf4 Bh6 17. Ne4 Nxe4 18. Bxe4 e6 19. dxe6 Bxe4 20. exf7+ Nxf7 21. Qxe4 Re8 22. Qc4 Bxf4 23. Bxf4 Ra7 24. Rfd1 Rd7 25. e4 Qd8 26. Rd5 Ne5 27. Rxe5+ 1-0

[Event "IECG C3.2001.0.00174"]
[Site "IECG email"]
[Date "2001.02.04"]
[Round "?"]
[White "Poblete, Litos"]
[Black "Wagle, David"]
[Result "1-0"]
[WhiteElo "1187"]
[BlackElo "1350"]
[PlyCount "53"]
[EventDate "2001.02.04"]
[EventType "tourn (corr)"]
[EventRounds "6"]
[SourceTitle "Corr 2008"]
[Source "ChessBase"]
[SourceDate "2008.06.24"]
[SourceVersion "1"]
[SourceVersionDate "2008.06.24"]
[SourceQuality "1"]

1. e4 c5 2. Nf3 d6 3. d4 cxd4 4. Nxd4 Nf6 5. Nc3 a6 6. Be2 e5 7. Nf3 h6 8. Bc4 Be7 9. 0-0 0-0 10. Re1 b5 11. Bb3 Nc6 12. Nd5 Bb7 13. Nxf6+ Bxf6 14. Bd5 Qc7 15. Be3 Rad8 16. a4 Ne7 17. Bxb7 Qxb7 18. axb5 Qxb5 19. Qc1 Rc8 20. c3 Rfd8 21. Ra2 d5 22. exd5 Nxd5 23. Qa1 e4 24. Nd4 Qe8 25. Rxa6 Nb4 26. Rxf6 Rxd4 27. cxb4 1-0

[Event "IECG Q3.2001.0.00099"]
[Site "IECG email"]
[Date "2001.01.31"]
[Round "?"]
[White "Poblete, Litos"]
[Black "Wagle, David"]
[Result "1-0"]
[WhiteElo "1187"]
[BlackElo "1350"]
[PlyCount "53"]
[EventDate "2001.01.31"]
[EventType "tourn (corr)"]
[EventRounds "6"]
[SourceTitle "Corr 2008"]
[Source "ChessBase"]
[SourceDate "2008.06.24"]
[SourceVersion "1"]
[SourceVersionDate "2008.06.24"]
[SourceQuality "1"]

1. d4 Nf6 2. c4 c5 3. d5 b5 4. cxb5 a6 5. bxa6 g6 6. Nc3 Bxa6 7. Nf3 d6 8. g3 Bg7 9. Bg2 0-0 10. 0-0 Nbd7 11. Qc2 Qa5 12. Rd1 Ng4 13. Bd2 Nge5 14. Nxe5 Bxe5 15. b3 Qa3 16. Rac1 Rfb8 17. Nb1 Bd3 18. Nxa3 Bxc2 19. Nxc2 Rxa2 20. Ne3 Rxb3 21. Nc4 Nb6 22. Nxe5 dxe5 23. Rxc5 Rbb2 24. Bh6 Rxe2 25. Rdc1 f6 26. Rc8+ Nxc8 27. Rxc8+ 1-0

[Event "IECG Q3.2001.0.00099"]
[Site "IECG email"]
[Date "2001.01.31"]
[Round "?"]
[White "Wagle, David"]
[Black "Poblete, Litos"]
[Result "1/2-1/2"]
[WhiteElo "1350"]
[BlackElo "1187"]
[PlyCount "68"]
[EventDate "2001.01.31"]
[EventType "tourn (corr)"]
[EventRounds "6"]
[SourceTitle "Corr 2008"]
[Source "ChessBase"]
[SourceDate "2008.06.24"]
[SourceVersion "1"]
[SourceVersionDate "2008.06.24"]
[SourceQuality "1"]

1. d4 d5 2. c4 e6 3. Nc3 Nf6 4. Bg5 Be7 5. cxd5 exd5 6. e3 Nbd7 7. Bd3 c6 8. Qc2 0-0 9. Nf3 Re8 10. 0-0 Ne4 11. Bxe7 Qxe7 12. Rab1 Ndf6 13. b4 a6 14. Na4 Qd6 15. Rfc1 Ng4 16. Nc5 Ngxf2 17. Nxe4 Nxe4 18. Bxe4 dxe4 19. Ne5 f6 20. Nc4 Qe6 21. Nb6 Rb8 22. Qc5 Bd7 23. d5 cxd5 24. Nxd5 Rf8 25. Rd1 Kh8 26. Rd2 Bc6 27. Nc7 Qc8 28. Nd5 Bxd5 29. Rxd5 Qxc5 30. bxc5 h6 31. Rb4 f5 32. Rd7 Rfc8 33. Rd5 Rf8 34. Rd7 Rfc8 1/2-1/2

[Event "IECG Q3.2001.0.00099"]
[Site "IECG email"]
[Date "2001.01.31"]
[Round "?"]
[White "Wagle, David"]
[Black "Ward, Sylvia"]
[Result "1-0"]
[WhiteElo "1350"]
[BlackElo "1002"]
[PlyCount "41"]
[EventDate "2001.01.31"]
[EventType "tourn (corr)"]
[EventRounds "6"]
[SourceTitle "Corr 2008"]
[Source "ChessBase"]
[SourceDate "2008.06.24"]
[SourceVersion "1"]
[SourceVersionDate "2008.06.24"]
[SourceQuality "1"]

1. d4 d5 2. c4 Nf6 3. Nc3 Nc6 4. Nf3 e6 5. Bg5 Be7 6. cxd5 exd5 7. e3 h6 8. Bh4 0-0 9. Bd3 Nb4 10. Bb1 g5 11. Bg3 c6 12. Ne5 Ne4 13. Nxe4 dxe4 14. Bxe4 f5 15. Bb1 Qd5 16. Qh5 Qe6 17. Qg6+ Qxg6 18. Nxg6 Rf7 19. Nxe7+ Rxe7 20. Bd6 Re6 21. Bxb4 1-0